[Event "Pardubice Czech op-A 23rd"]
[Site "Pardubice"]
[Date "2012.07.25"]
[Round "6"]
[White "Kuenstler, Christian"]
[Black "Bystrov, Sergej Mikhailovich"]
[Result "1/2-1/2"]
[WhiteElo "2094"]
[BlackElo "2291"]
[PlyCount "29"]
[EventDate "2012.07.12"]
[EventType "swiss"]
[EventRounds "9"]
[EventCountry "CZE"]
[SourceTitle "CBM 149 Extra"]
[Source "ChessBase"]
[SourceDate "2012.08.24"]
[SourceVersion "1"]
[SourceVersionDate "2012.08.24"]
[SourceQuality "1"]

1. d4 d5 2. c4 c6 3. Nf3 Nf6 4. Nc3 a6 5. Ne5 dxc4 6. a4 Bf5 7. e3 e6 8. Bxc4 Nbd7 9. Nxd7 Qxd7 10. 0-0 Bd6 11. Qe2 Ne4 12. Nxe4 Bxe4 13. f3 Bg6 14. e4 0-0 15. Be3 1/2-1/2

[Event "Pardubice Czech op-A 23rd"]
[Site "Pardubice"]
[Date "2012.07.23"]
[Round "4"]
[White "Pogan, Nikolas"]
[Black "Bystrov, Sergej Mikhailovich"]
[Result "1/2-1/2"]
[WhiteElo "2205"]
[BlackElo "2291"]
[PlyCount "118"]
[EventDate "2012.07.12"]
[EventType "swiss"]
[EventRounds "9"]
[EventCountry "CZE"]
[SourceTitle "CBM 149 Extra"]
[Source "ChessBase"]
[SourceDate "2012.08.24"]
[SourceVersion "1"]
[SourceVersionDate "2012.08.24"]
[SourceQuality "1"]

1. Nf3 d5 2. b3 Bg4 3. e3 Nf6 4. Bb2 e6 5. Be2 Nbd7 6. c4 c6 7. 0-0 Be7 8. Ne5 Bxe2 9. Qxe2 Nxe5 10. Bxe5 0-0 11. f4 Nd7 12. Bb2 Bf6 13. d3 Bxb2 14. Qxb2 Qf6 15. Qxf6 Nxf6 16. Nc3 Ng4 17. Rfe1 Nxe3 18. Rxe3 d4 19. Re2 dxc3 20. Rc1 Rad8 21. Rxc3 Rd4 22. Re4 Rfd8 23. Rxd4 Rxd4 24. g3 c5 25. Kf2 f5 26. Ke3 a5 27. a3 Rd6 28. b4 axb4 29. axb4 cxb4 30. Rb3 Kf7 31. Rxb4 b6 32. Ra4 Rd7 33. Ra6 Rb7 34. Kd4 Kf6 35. Kc3 g5 36. fxg5+ Kxg5 37. d4 Kg4 38. Ra2 Rd7 39. Re2 Rd6 40. c5 bxc5 41. dxc5 Ra6 42. Kc4 e5 43. Rxe5 Ra2 44. h3+ Kxh3 45. Rxf5 Kxg3 46. Rh5 Ra7 47. Kb5 Kg4 48. Kb6 Rf7 49. Rh6 Kg5 50. Rd6 h5 51. c6 h4 52. Rd7 Rf6 53. Kb7 h3 54. c7 Rf8 55. Rg7+ Kh4 56. c8Q Rxc8 57. Kxc8 h2 58. Kd7 Kh3 59. Rh7+ Kg2 1/2-1/2